000
00307 a2200157 4500
001
59569
020
_a
8508094841
040
_c
Anchieta - Pituba
100
_a
Laidlaw, Jill A.
240
1
0
_a
Paul Klee
_l
por
245
1
0
_a
Paul Klee
300
_a
48
362
0
_a
2005
650
4
_a
Pintura
942
_c
BK
999
_c
59569
_d
59569